000 00450nam a2200133Ia 4500
008 231221s9999 xx 000 0 und d
041 _aEnglish
082 _aCPEE11-664
100 _aAbha, Tripathi.
245 0 _aDynamic Inversion Controller for Improving the Stability and Damping In Single Machine Infinite Bus System
260 _c2011
650 _aDynamic,Inversion,Controller,Improving,Stability,Damping,Machine,Infinite,Bus
942 _cIR
999 _c230802
_d230802